| 000 | 00000nam 2200000zi 4500 |
| 001 | 9.926773 |
| 003 | CaOODSP |
| 005 | 20240626110518 |
| 006 | m o d f |
| 007 | cr |n||||||||| |
| 008 | 230830e199010##qucd o f|0| 0 fre d |
| 040 | |aCaOODSP|bfre|erda|cCaOODSP |
| 043 | |an-cn--- |
| 086 | 1 |aCW66-1051/1990F-PDF |
| 100 | 1 |aBordage, Daniel, |eauteur. |
| 245 | 10|aCaractérisation d'habitats propices pour la réproduction du canard noir à partir d'images satellite SPOT : |bprojet pilote / |cDaniel Bordage. |
| 264 | 1|a[Sainte-Foy, Québec] : |bService canadien de la faune, Région du Québec, |coctobre 1990. |
| 300 | |a1 ressource en ligne (25 pages) : |bgraphiques |
| 336 | |atexte|btxt|2rdacontent/fre |
| 337 | |ainformatique|bc|2rdamedia/fre |
| 338 | |aressource en ligne|bcr|2rdacarrier/fre |
| 500 | |aÉdition numérisée de l’imprimé [par Environnement et changement climatique Canada]. |
| 650 | 0|aBlack duck|xHabitat|zQuébec (Province) |
| 650 | 6|aCanard noir|xHabitat|zQuébec (Province) |
| 710 | 2 |aService canadien de la faune. |bRégion du Québec, |eorganisme de publication. |
| 856 | 40|qPDF|s585 Ko|uhttps://publications.gc.ca/collections/collection_2024/eccc/cw66/CW66-1051-1990-fra.pdf |